Estatísticas para Cultura Geral

Clique aqui para jogar o quiz

Estatísticas Gerais

  • Esse quiz foi jogado 28 vezes
  • A pontuação média é 8 de 15

Estatísticas das Respostas

HintResposta% Correto
Como se diz água em inglês?Water
96%
Que cidade sofreu o primeiro ataque com bomba nuclear em 1945?Hiroshima
91%
Qual é o nome de uma criatura que é metade homem, metade cavalo?Centauro
83%
A que país pertence a ilha Páscoa?Chile
74%
Onde fica Empire State Building?Nova Iorque
74%
Que empresa de pneus também faz um famoso guia de restaurantes?Michelin
65%
Quem ficou famoso em cima de uma grade de metrô enquanto usava um vestido branco esvoaçante?Marilyn Monroe
57%
Qual é a atração turística mais visitada da Flórida?Walt Disney World
43%
Qual é a cidade mais populosa do Texas?Houston
39%
Que cidade do Oriente Médio que teve uma enorme explosão de nitrato de amónio em 2020?Beirute
35%
Qual planta contém o químico THC?Cánabis
30%
Qual é e rodovia mais famosa dia EUA?Route 66
30%
Que nome se dá a uma poderosa e luminosa explosão solar?Supernova
30%
Em que estado dos EUA fica a sede da empresa Coca-Cola?Georgia
13%
Quem canta a música Georgia on My Mind?Ray Charles
13%

Distribuição das Pontuações

Percentil de Números Respondidos

Porcentagem de Pessoas com Cada Pontuação

Sua Pontuação Histórica

Você não jogou esse quiz